000
00301nam a22001337a 4500
003
OSt
005
20211229082531.0
008
211229b |||||||| |||| 00| 0 eng d
040
_c
H.U
082
_a
005.4'476
100
_a
Villeneuve Arnold
_9
25838
245
_a
Net Ware to NT
942
_2
ddc
_c
BOOKS
_n
0
999
_c
24750
_d
24750